Inmigrados y refugiados en Suiza: ojeada histórica

Збережено в:
Бібліографічні деталі
Автор: Vuilleumier, Marc
Формат: Текст
Опубліковано: s.l: Pro Helvetia
Теги: Додати тег
Немає тегів, Будьте першим, хто поставить тег для цього запису!

MARC

LEADER 00000 a a2200000 04500
001 36198
003
040
090 |a 1001 V988i  
100 |a Vuilleumier, Marc  
245 |a Inmigrados y refugiados en Suiza: ojeada histórica  
260 |a s.l:   |b Pro Helvetia  
300 |a 121 p.   |b il.  
999 |c 14078  |d 14078